Papier,Mache style : 100 step-by step designs
| Main Author: | |
|---|---|
| Format: | Book |
| Published: |
London :
Michael O'Mara Books Ltd. ,
1994
|
| Subjects: |
MARC
| LEADER | 00000cam a2200000 7i4500 | ||
|---|---|---|---|
| 001 | 0000009416 | ||
| 002 | 000010253 | ||
| 005 | .0 | ||
| 020 | |a 1854797107 | ||
| 090 | 0 | 0 | |a 745.54 |b MAC |
| 100 | 1 | |a MacCormick, Alex | |
| 245 | 1 | 0 | |a Papier,Mache style : |b 100 step-by step designs |c Alex MacCormick |
| 260 | |a London : |b Michael O'Mara Books Ltd. , |c 1994 | ||
| 300 | |a 128 p. : |b ill. ; |c 27 cm. | ||
| 650 | 0 | 0 | |a Paper work |
| 999 | |a 051159 |b BUKU |c PINJAMAN |e PERPUSTAKAAN KOMUNITI PETALING JAYA | ||